000 00890nam2a22002531 4500
001 v19\rc\1372489
005 20250618084656.0
035 _a(NLR Aleph) 004510341
090 _a4763419
_c4763419
100 _a20060512d1868 |||y0rusy50 ca
101 0 _arus
102 _aRU
105 _ay z |||||
200 0 _a[1]
215 _a24 с.
461 0 _1001v19\rc\1372488
_12001#$aПисьма из Парижа$e[1-2]$f[Василий Коптев]$v[1]
_1700#1$aКоптев$bВ.И.$f-1888$gВасилий Иванович
_94763411
_aКоптев, В.И. (-1888)
_c[Москва
_d1868]
_f[Василий Коптев]
_o[1-2]
_p2 отт.
_tПисьма из Парижа
_v[1]
801 0 _aRU
_bNLR
_gpsbo
801 0 _aRU
_bRuMoRGB
_2psbo
801 1 _aRU
_bProSoft-M
_2rusmarc
852 _aNLR
_j18.208.7.77(алл. 4-5)
899 _aБАН
899 _aГПИБ
942 _cBOOK
980 _aNB